• 首页
  • 本馆介绍
  • 公告通知
  • 最新文献
  • 馆藏检索
  • 电子资源
  • 读者导购
  • 参考咨询
  • 我的图书馆
  • 登录
  • 详细信息显示
  • 放入我的书架
  • 预约/预借图书
  • 作者相关作品
  • 分类相关作品
  • 丛书相关作品
  • 出版社相关作品

书目信息

  • 表格格式
  • 工作单格式
  • 卡片格式
书名: International politics on the world stage
作者: John T. Rourke.
分册号:
分册名:
出版地: Guilford, Conn. :
 
出版社: Dushkin Pub. Group
出版时间: c1993.
页数: xxxii, 639 p. :
开本: 26 cm.
丛书名:
中图分类号:
科图分类号:
其他分类号: D0
主题词:
电子资源:
000 01101nam a2200313 a 450
001 E0753304268
005 20070429145004.62
008 930429s1993 ctuab b 001 0 eng
010    @a92076094
020    @a1561342270.
035    @A(DLC) 92076094
040    @aDLC@cDLC
050 00 @aJX1391@b.R588 1993
082 00 @a327@2 20
090    @aD0
099    @dD0@ex23=4
100 1  @aRourke, John T.,@d1945-
245 10 @aInternational politics on the world stage / @cJohn T. Rourke.
250    @a4th ed.
260    @aGuilford, Conn. :@bDushkin Pub. Group,@cc1993.
300    @axxxii, 639 p. :@bill., maps (some col.) ;@c26 cm.
504    @aIncludes bibliographical references (p. 609-625) and index.
650  0 @aWorld politics@y1989-
650  0 @aInternational relations.
650  0 @aInternational economic relations.
906    @a7@bcbc@corignew@d2@eopcn@f19@gy-gencatlg
922    @aadco
955    @apb04 to sa00 04-08-93; sf02 to Law 04-29-93; sg24 06-29-93; sg08 06-29-93; sg28 06-30-93; aa21 07-09-93
991    @bc-GenColl@hJX1391@i.R588 1993@p00012650243@tCopy 1@wBOOKS
    
    International politics on the world stage / / John T. Rourke.-4th ed.-Guilford, Conn. : : Dushkin Pub. Group, , c1993.
    xxxii, 639 p. : : ill., maps (some col.) ; ; 26 cm.
    Includes bibliographical references (p. 609-625) and index.
    
    ISBN 1561342270.
    
●
相关链接 在E读中查询图书 在五车中查询图书 在当当中查询图书 在豆瓣中查询图书


正题名:International politics on the world stage     索取号:D0/x23=4         预约/预借

序号 登录号 条形码 馆藏地/架位号 状态 备注
1 6157   300061572   第二样本阅览室/ [索取号:D0/x23=4] 在馆    
2 6158   300061581   第四借阅区/ [索取号:D0/x23=4] 在馆    
3 6159   300061590   密集书库/ [索取号:D0/x23=4] 在馆    
4 6160   300061607   第四借阅区/ [索取号:D0/x23=4] 在馆    
5 6161   300061616   密集书库/ [索取号:D0/x23=4] 在馆    
唐山师范学院图书馆 欢迎您!
大连网信软件有限公司© 版权所有